Peru. Incidents of travel and explorations in the land of the Incas. By E. George Squier, M. A., F. S. A. with illustrations

Wedi'i Gadw mewn:
Manylion Llyfryddiaeth
Prif Awdur: Squier, E. George (Awdur)
Fformat: Llyfr
Iaith:Saesneg
Cyhoeddwyd: Nueva York Harper & Brother 1877
Rhifyn:1a. ed
Pynciau:
Tagiau: Ychwanegu Tag
Dim Tagiau, Byddwch y cyntaf i dagio'r cofnod hwn!

MARC

LEADER 00000nam a2200000 a 4500
001 UCJ6348
003 CL-VaPUC
008 070124e18770000US |||||||||||||||||eng|d
082 0 4 |a 910.4  |b SQU  |2 21 
100 0 |a Squier, E. George  |e author  |9 512902 
245 1 0 |a Peru. Incidents of travel and explorations in the land of the Incas. By E. George Squier, M. A., F. S. A. with illustrations 
250 |a 1a. ed 
300 |a xx, 599 p 
942 |c BK 
945 |d 20070124 00:00:00  |a rinostro 
260 |a Nueva York  |b Harper & Brother  |c 1877 
500 |a Ilustraciones conforme a lo señalado en el índice 
650 0 |a Viajes  |9 257115 
650 0 |a Expediciones científicas  |9 265222 
650 7 |a INCAS  |2 CL-VaPUC  |9 256565 
650 0 |a Aborígenes  |9 329972 
650 0 |a Cultura  |9 269059 
650 7 |a CALLES Y PASEOS  |2 CL-VaPUC  |9 329702 
650 0 |a Iglesia Católica  |9 256114 
650 0 |a Recursos naturales  |9 255232 
650 0 |a Arqueología   |9 265619 
650 0 |a Arquitectura  |9 804558 
650 0 |a Ilustraciones  |9 369481 
651 7 |a LIMA  |2 CL-VaPUC  |9 350186 
651 7 |a TRUJILLO  |2 CL-VaPUC  |9 509013 
651 7 |a CUZCO  |2 CL-VaPUC  |9 265268 
651 7 |a TIAHUANACO  |2 CL-VaPUC  |9 507239 
651 7 |a PAYTA  |2 CL-VaPUC  |9 511501 
583 |a last modification  |c 20070124 00:00:00  |k Rodrigo Vera 
999 |c 322456  |d 322454 
952 |0 0  |1 0  |4 0  |6 910_400000000000000_SQU_1877  |7 0  |8 X  |9 401453  |a FDOBUD  |b FDOBUD  |d 2019-11-22  |i 104706K  |o 910.4 SQU 1877  |p 104706K  |r 2019-11-22  |w 2019-11-22  |y BK_X  |k BUD